| 000 | 00556nam a2200205 a 4500 | ||
|---|---|---|---|
| 005 | 20250624063850.0 | ||
| 008 | 010723s1998 r 000 0 eng d | ||
| 020 | _a9688431656 | ||
| 035 | _aUPN01000109953 | ||
| 049 | _aCG | ||
| 050 | 4 |
_aK179 _bP3.6 1998 |
|
| 100 | 1 | _aPalacio Díaz, Alejandro del | |
| 245 | 1 | 0 |
_aPara comprender el derecho / _cAlejandro Del Palacio Díaz. |
| 250 | _a2a ed. | ||
| 260 |
_aMéxico : _bUAM-Azcapotzalco, _c1998. |
||
| 300 | _a95 p. | ||
| 440 | 0 | _aClaves latinoamericanas | |
| 650 | 4 |
_aDerecho _913268 |
|
| 905 | _aLibro | ||
| 999 |
_c83862 _d83862 |
||